000 00812cab a2200229 4500
001 WB3510-28
008 090401t1999 xxu||||| |||| 00| 0 eng d
035 _a(Sirsi) u91999
041 _aeng
245 _aLandfill tax to encourage recycling
260 _c1999
350 _a0
490 _aFinancial Times
_v10 March 1999, 27(1)
520 _aRises in landfill tax were announced in the budget to encourage environmentally friendly alternatives. There will be a £3 rise in the standard rate from 1 April 1999 to £10 per tonne, followed by an escalator of an additional £1 per tonne each year.
650 _aBUDGET 1999
650 _aLANDFILL TAX
650 _aTAX ESCALATORS
650 _aWASTE MANAGEMENT
690 _aENVIRONMENTAL AND LAND CONSULTANCY
942 _n0
948 _c11/03/1999
999 _c58339
_d58339